<?xml version="1.0" encoding="UTF-8"?>
<collection xmlns="http://www.loc.gov/MARC21/slim">
 <record>
  <leader>01526nam a2200181Ia 4500</leader>
  <controlfield tag="001">CTU_190113</controlfield>
  <controlfield tag="008">210402s9999    xx            000 0 und d</controlfield>
  <datafield tag="082" ind1=" " ind2=" ">
   <subfield code="a">658.5</subfield>
  </datafield>
  <datafield tag="082" ind1=" " ind2=" ">
   <subfield code="b">M294</subfield>
  </datafield>
  <datafield tag="245" ind1=" " ind2="0">
   <subfield code="a">Manufacturing planning and control for supply chain management</subfield>
  </datafield>
  <datafield tag="245" ind1=" " ind2="0">
   <subfield code="c">F. Robert Jacobs ... [et al.]</subfield>
  </datafield>
  <datafield tag="260" ind1=" " ind2=" ">
   <subfield code="a">New York</subfield>
  </datafield>
  <datafield tag="260" ind1=" " ind2=" ">
   <subfield code="b">McGraw-Hill Education</subfield>
  </datafield>
  <datafield tag="260" ind1=" " ind2=" ">
   <subfield code="c">2010</subfield>
  </datafield>
  <datafield tag="520" ind1=" " ind2=" ">
   <subfield code="a">Manufacturing Planning &amp; Control for Supply Chain Management, 6e by Jacobs, Berry, and Whybark (formerly Vollmann, Berry, Whybark, Jacobs) is a comprehensive reference covering both basic and advanced concepts and applications for students and practicing professionals. The text provides an understanding of supply chain planning and control techniques with topics including purchasing, manufacturing, warehouse, and logistics systems. Manufacturing Planning &amp; Control for Supply Chain Management, 6e continues to be organized in a flexible format, with the basic coverage in chapters 1-8 followed by the last four chapters that focus on the integration of manufacturing with the supply chain. Each chapter provides a managerial issues overview, a detailed technical presentation related to the topic, company examples, and concluding principles. This book is the essential desk reference for Supply Chain Planning and Control techniques.</subfield>
  </datafield>
  <datafield tag="650" ind1=" " ind2=" ">
   <subfield code="a">Production planning,Business logistics,Kế hoạch sản xuất,Hậu cần kinh doanh</subfield>
  </datafield>
  <datafield tag="904" ind1=" " ind2=" ">
   <subfield code="i">Qhieu</subfield>
  </datafield>
  <datafield tag="980" ind1=" " ind2=" ">
   <subfield code="a">Trung tâm Học liệu Trường Đại học Cần Thơ</subfield>
  </datafield>
 </record>
</collection>
